Statistiques concernant Pays avec le plus d'animistes

Cliquez ici pour prendre le quiz!

Statistiques générales

  • Ce quiz a été pris 51 fois
  • Le résultat moyen est 13 sur 20

Statistiques - réponses

Nombre d'animistesContinentPays% Correct
304 620 000AsieChine
100%
5 540 000AsieInde
98%
6 680 000Amérique du SudBrésil
96%
43 360 000AsieViêt Nam
81%
2 120 000AfriqueÉthiopie
71%
3 050 000AfriqueNigéria
71%
2 550 000AfriqueCôte d'Ivoire
69%
2 370 000AsieLaos
69%
1 290 000AsieNépal
65%
2 680 000AfriqueTogo
63%
2 990 000AsieBirmanie
60%
1 500 000AfriqueGhana
56%
1 980 000Amérique du NordCuba
54%
3 430 000AfriqueBurkina Faso
52%
3 130 000AsieCorée du Nord
52%
1 750 000AsiePhilippines
52%
2 050 000AfriqueBénin
50%
2 210 000AfriqueMozambique
50%
10 190 000AsieTaïwan
48%
4 090 000AfriqueSoudan du Sud
46%

Distribution des résultats

Percentile par nombre de réponses

% des personnes avec chaque résultat

Votre développement - résultats

Vous n’avez pas pris ce quiz